Logo BPK

Biblioteka

Politechniki Koszalińskiej

Zarządzanie środowiskowe : (Rekord nr 35059)

Szczegóły MARC
000 -ETYKIETA REKORDU
podpole kontrolne o stałej długości 00889nam a2200193 i 4500
001 - NUMER KONTROLNY REKORDU
pole kontrolne bg
040 ## - ŹRÓDŁO KATALOGOWANIA
Instytucja, która utworzyła rekord BPK
041 0# - KOD JĘZYKA
Kod języka tekstu poleng
080 ## - UNIWERSALNA KLASYFIKACJA DZIESIĘTNA - UKD
UKD 504:65.01:006.3/.8](438:100)
008 - POLE O STAŁEJ DŁUGOŚCI - DANE KONTROLNE
podpole kontrolne o stałej długości s pl f |000 0 pol
245 00 - TYTUŁ/ODPOWIEDZIALNOŚĆ
Tytuł Zarządzanie środowiskowe :
Ciąg dalszy tytułu wytyczne, ogólne zasady i procedury ; zestaw norm : PN-EN ISO 14001:1998, PN-EN ISO 14010:1998, PN-EN ISO 14011:1998, PN-EN ISO 14012:1998, PN-ISO 14004:1998 /
Pozostałe elementy strefy tytułu i oznaczenia odpowiedzialności wybór przygot. przez Wydawnictwa Normalizacyjne.
260 ## - STREFA ADRESU WYDAWNICZEGO
Miejsce wydania Warszawa :
Nazwa wydawcy/dystrybutora Wydawnictwa Normalizacyjne Alfa-Wero,
Data publikacji, dystrybucji/powstania dokumentu 1999.
300 ## - STREFA OPISU FIZYCZNEGO
Objętość wiele liczb. ;
Rozmiary 29 cm.
500 ## - UWAGI OGÓLNE
Tekst uwagi Tekst równol. pol. i ang.
650 #9 - HASŁO PRZEDMIOTOWE W FORMIE NAZWY OGÓLNEJ LUB JEDNOSTKOWEJ
Nazwa ogólna lub geograficzna Ochrona środowiska
Określnik ogólny zarządzanie
-- normalizacja
Określnik geograficzny Polska
650 #9 - HASŁO PRZEDMIOTOWE W FORMIE NAZWY OGÓLNEJ LUB JEDNOSTKOWEJ
Nazwa ogólna lub geograficzna Ochrona środowiska
Określnik ogólny zarządzanie
-- normalizacja
856 ## - LOKALIZACJA I DOSTĘP DO ELEKTRONICZNYCH DOKUMENTÓW ZDALNYCH
Link (URL) http://koha.tu.koszalin.pl/cgi-bin/koha/opac-detail.pl?biblionumber=35059
Tekst linku Katalog online BPK
942 ## - DODATKOWE ELEMENTY (KOHA)
Typ dokumentu Katalog
Egzemplarze
Wycofany Status egzemplarza Uszkodzony Dostępność Lokalizacja stała Lokalizacja bieżąca Miejsce przechowywania Sygnatura Kod kreskowy Dział Typ dokumentu
      Tylko na miejscu Biblioteka Politechniki Koszalińskiej Biblioteka Politechniki Koszalińskiej Czytelnia BG KC 3260 01917192 502 Nauka o środowisku. Ochrona środowiska Katalog
© 2023 Biblioteka Politechniki Koszalińskiej :: KOHA